[Event "ITA-chTB 53rd"]
[Site "Montesilvano"]
[Date "2022.04.22"]
[Round "5.3"]
[White "Shytaj, Luca"]
[Black "Borgo, Giulio"]
[Result "1/2-1/2"]
[WhiteElo "2460"]
[BlackElo "2345"]
[PlyCount "133"]
[EventDate "2022.04.19"]
[EventType "team-tourn"]
[EventRounds "7"]
[EventCountry "ITA"]
[SourceTitle "CBM 207 Extra"]
[Source "ChessBase"]
[SourceDate "2022.05.31"]
[SourceVersion "1"]
[SourceVersionDate "2022.05.31"]
[SourceQuality "1"]
[WhiteTeam "Chieti"]
[BlackTeam "Cerianese Scacchistica"]
[WhiteTeamCountry "ITA"]
[BlackTeamCountry "ITA"]

1. e4 e6 2. d3 d5 3. Qe2 Nf6 4. Nf3 c5 5. g3 g6 6. Bg2 Bg7 7. 0-0 0-0 8. e5 Nfd7 9. c3 b5 10. h4 Nc6 11. Bf4 a5 12. Nbd2 a4 13. a3 Ba6 14. Rfe1 Rb8 15. Rac1 Qb6 16. h5 Rfe8 17. Qe3 Ne7 18. g4 b4 19. c4 bxa3 20. bxa3 Qb2 21. Ra1 Qc3 22. Rec1 Qa5 23. Ng5 h6 24. Ngf3 g5 25. Bg3 Rb2 26. Nf1 d4 27. Qe1 Qxe1 28. Rxe1 Reb8 29. N1d2 Bb7 30. Reb1 Bxf3 31. Rxb2 Rxb2 32. Nxf3 Rb3 33. Bf1 Nc6 34. Be2 Ndxe5 35. Ne1 Rb2 36. Bd1 f5 37. gxf5 exf5 38. Bxe5 Nxe5 39. Bxa4 Bf6 40. Bc2 Kf7 41. a4 Bd8 42. a5 Rb7 43. a6 Ra7 44. Bd1 g4 45. f3 Kf6 46. fxg4 fxg4 47. Be2 Kg5 48. Ng2 Bc7 49. Kf2 Nc6 50. Rg1 Bh2 51. Rh1 Rf7+ 52. Ke1 Bg3+ 53. Kd2 Nb4 54. Rb1 Ra7 55. Rf1 Rxa6 56. Rf8 Ra2+ 57. Kd1 Ra1+ 58. Kd2 Ra2+ 59. Kd1 Nxd3 60. Rg8+ Kf6 61. Bxd3 Rxg2 62. Rxg4 Rg1+ 63. Ke2 Re1+ 64. Kd2 Rg1 65. Ke2 Re1+ 66. Kd2 Rg1 67. Ke2 1/2-1/2

[Event "ITA-chTB 53rd"]
[Site "Montesilvano"]
[Date "2022.04.20"]
[Round "3.2"]
[White "Shytaj, Luca"]
[Black "David, Alberto"]
[Result "1/2-1/2"]
[WhiteElo "2460"]
[BlackElo "2550"]
[PlyCount "58"]
[EventDate "2022.04.19"]
[EventType "team-tourn"]
[EventRounds "7"]
[EventCountry "ITA"]
[SourceTitle "CBM 207 Extra"]
[Source "ChessBase"]
[SourceDate "2022.05.31"]
[SourceVersion "1"]
[SourceVersionDate "2022.05.31"]
[SourceQuality "1"]
[WhiteTeam "Chieti"]
[BlackTeam "Partenopea Senior"]
[WhiteTeamCountry "ITA"]
[BlackTeamCountry "ITA"]

1. g3 e5 2. c4 c6 3. Bg2 Nf6 4. d4 e4 5. Nc3 d5 6. a3 h6 7. f3 exf3 8. Nxf3 Be7 9. 0-0 0-0 10. Nh4 Re8 11. cxd5 cxd5 12. Nf5 Bf8 13. g4 Ne4 14. Qb3 Nc6 15. e3 Nxc3 16. bxc3 Be6 17. Qxb7 Na5 18. Qa6 Rc8 19. Rb1 Rxc3 20. Qxa7 Nc4 21. a4 Rc2 22. e4 dxe4 23. Bxe4 Re2 24. Bf3 Bd5 25. Bxe2 Rxe2 26. Rf2 Re1+ 27. Rf1 Re2 28. Rf2 Re1+ 29. Rf1 Re2 1/2-1/2

[Event "ITA-chT Final 52nd"]
[Site "Montesilvano"]
[Date "2021.09.25"]
[Round "1.3"]
[White "Ladron de Guevara Pinto, Paolo"]
[Black "Shytaj, Luca"]
[Result "1-0"]
[WhiteElo "2422"]
[BlackElo "2470"]
[PlyCount "65"]
[EventDate "2021.09.25"]
[EventType "team-tourn"]
[EventRounds "3"]
[EventCountry "ITA"]
[SourceTitle "CBM 204 Extra"]
[Source "ChessBase"]
[SourceDate "2021.11.30"]
[SourceVersion "1"]
[SourceVersionDate "2021.11.30"]
[SourceQuality "1"]
[WhiteTeam "WorldtradingLab"]
[BlackTeam "Chieti"]
[WhiteTeamCountry "ITA"]
[BlackTeamCountry "ITA"]

1. e4 c5 2. Nc3 Nc6 3. Nf3 e5 4. Bc4 d6 5. d3 h6 6. Nd2 Nf6 7. Nf1 Be7 8. Ne3 0-0 9. 0-0 a6 10. a3 b5 11. Ba2 Rb8 12. Ncd5 Nxd5 13. Bxd5 Nd4 14. f4 exf4 15. Rxf4 Bg5 16. Rf2 g6 17. c3 Ne6 18. g3 h5 19. h4 Bf6 20. Qf3 Be5 21. Bd2 a5 22. Raf1 b4 23. axb4 axb4 24. Nf5 gxf5 25. exf5 Nc7 26. Qxh5 Nxd5 27. f6 Ne7 28. Bg5 Nf5 29. Rxf5 Bxf5 30. Rxf5 Qe8 31. Qh6 Bd4+ 32. cxd4 Qe1+ 33. Kg2 1-0

[Event "ITA-chTB 52nd"]
[Site "Montesilvano"]
[Date "2021.09.24"]
[Round "7.3"]
[White "Podetti, Davide"]
[Black "Shytaj, Luca"]
[Result "1/2-1/2"]
[WhiteElo "2186"]
[BlackElo "2470"]
[PlyCount "86"]
[EventDate "2021.09.20"]
[EventType "team-tourn"]
[EventRounds "7"]
[EventCountry "ITA"]
[SourceTitle "CBM 204 Extra"]
[Source "ChessBase"]
[SourceDate "2021.11.30"]
[SourceVersion "1"]
[SourceVersionDate "2021.11.30"]
[SourceQuality "1"]
[WhiteTeam "Cerianese Scacchistica"]
[BlackTeam "Chieti"]
[WhiteTeamCountry "ITA"]
[BlackTeamCountry "ITA"]

1. e4 c5 2. Nf3 e6 3. d4 cxd4 4. Nxd4 Nf6 5. Nc3 d6 6. g4 h6 7. Rg1 Nc6 8. h4 d5 9. exd5 Nxd5 10. Nxd5 Qxd5 11. Bg2 Qc4 12. Nxc6 bxc6 13. Qd3 Bb4+ 14. Bd2 Bxd2+ 15. Kxd2 Qf4+ 16. Qe3 Qd6+ 17. Qd3 Ke7 18. Qxd6+ Kxd6 19. Ke3 e5 20. Rad1+ Kc7 21. Be4 Be6 22. Rd3 Rhd8 23. Rc3 Rd6 24. g5 Rh8 25. Rc5 hxg5 26. hxg5 Rh3+ 27. f3 Bd5 28. Rg4 Be6 29. Rg1 Bd5 30. Rg4 f5 31. gxf6 gxf6 32. Bxd5 Rxd5 33. Rgc4 Rxc5 34. Rxc5 Kd6 35. b4 f5 36. Ke2 Rh2+ 37. Kd3 Rh3 38. Ke2 f4 39. a4 Rh2+ 40. Kd3 Rf2 41. Ke4 a5 42. Rxa5 Rxc2 43. b5 Re2+ 1/2-1/2

[Event "ITA-ch Online Final KO"]
[Site "Premium Chess Arena INT"]
[Date "2020.11.22"]
[Round "2.1"]
[White "Shytaj, Luca"]
[Black "Gilevich, Artem"]
[Result "1-0"]
[WhiteElo "2470"]
[BlackElo "2406"]
[PlyCount "113"]
[EventDate "2020.11.21"]
[EventType "k.o. (rapid)"]
[EventRounds "2"]
[EventCountry "ITA"]
[SourceTitle "CBM 199 Extra"]
[Source "ChessBase"]
[SourceDate "2021.01.31"]
[SourceVersion "1"]
[SourceVersionDate "2021.01.31"]
[SourceQuality "1"]

1. b3 d5 2. Bb2 Bg4 3. g3 Nc6 4. Bg2 e5 5. d3 Bb4+ 6. Nd2 Nf6 7. a3 Bc5 8. b4 Bd4 9. Bxd4 Nxd4 10. Ngf3 Nxf3+ 11. Nxf3 Qe7 12. h3 Bxf3 13. exf3 0-0 14. 0-0 a5 15. Qd2 axb4 16. axb4 Qd6 17. Rfe1 d4 18. f4 exf4 19. Qxf4 Qxb4 20. Qxc7 Rxa1 21. Rxa1 b5 22. Bf3 h6 23. Kg2 Qc3 24. Ra7 b4 25. Rb7 h5 26. g4 hxg4 27. hxg4 Qd2 28. Qe5 Qxc2 29. Qxd4 Qc3 30. Rxb4 Qxd4 31. Rxd4 g5 32. Rb4 Rd8 33. d4 Kg7 34. Kf1 Rd6 35. Ke2 Nd7 36. Ke3 Re6+ 37. Kd3 Rf6 38. Ke3 Re6+ 39. Kd2 Rd6 40. Be4 Kf6 41. f3 Rb6 42. Rc4 Rd6 43. Kc3 Nf8 44. Ra4 Ne6 45. Rb4 Nf4 46. Kc4 Ne6 47. d5 Nf4 48. Rb8 Rd7 49. Kc5 Ke7 50. Rc8 Rd6 51. Rc7+ Rd7 52. d6+ Kd8 53. Kc6 Rxc7+ 54. dxc7+ Kc8 55. Bf5+ Ne6 56. Bxe6+ fxe6 57. Kd6 1-0

[Event "Bundesliga 1920"]
[Site "Germany"]
[Date "2020.02.09"]
[Round "6.6"]
[White "Warmerdam, Max"]
[Black "Shytaj, Luca"]
[Result "1-0"]
[WhiteElo "2501"]
[BlackElo "2483"]
[PlyCount "85"]
[EventDate "2019.11.23"]
[EventType "team-tourn"]
[EventRounds "15"]
[EventCountry "GER"]
[SourceTitle "CBM 194 Extra"]
[Source "ChessBase"]
[SourceDate "2020.03.31"]
[SourceVersion "1"]
[SourceVersionDate "2020.03.31"]
[SourceQuality "1"]
[WhiteTeam "Muelheim Nord"]
[BlackTeam "Speyer Schwegenheim"]
[WhiteTeamCountry "GER"]
[BlackTeamCountry "GER"]

1. c4 e5 2. Nc3 Nf6 3. Nf3 Nc6 4. e3 Bb4 5. Qc2 a5 6. d3 0-0 7. Be2 Re8 8. 0-0 d5 9. cxd5 Nxd5 10. Bd2 Bf8 11. Rac1 Bg4 12. a3 Nxc3 13. Bxc3 Bd6 14. Rfd1 a4 15. d4 e4 16. Ne5 Bxe2 17. Qxe2 Qh4 18. g3 Qh3 19. Nxc6 bxc6 20. Rf1 Rab8 21. Rc2 Qe6 22. Rfc1 Qb3 23. Bb4 Bxb4 24. axb4 Qxb4 25. Rxc6 Qxb2 26. Qxb2 Rxb2 27. Ra6 g6 28. Rxa4 Re6 29. Rac4 Rf6 30. R4c2 Rxc2 31. Rxc2 c6 32. Rc5 Kf8 33. g4 h6 34. h4 Ke7 35. Kg2 Kd6 36. Ra5 Re6 37. Kg3 Rf6 38. Ra8 g5 39. hxg5 hxg5 40. Rg8 Rg6 41. Rxg6+ fxg6 42. f3 exf3 43. e4 1-0

[Event "Bundesliga 1920"]
[Site "Germany"]
[Date "2020.02.08"]
[Round "5.6"]
[White "Shytaj, Luca"]
[Black "Van Wely, Loek"]
[Result "0-1"]
[WhiteElo "2483"]
[BlackElo "2610"]
[PlyCount "84"]
[EventDate "2019.11.23"]
[EventType "team-tourn"]
[EventRounds "15"]
[EventCountry "GER"]
[SourceTitle "CBM 194 Extra"]
[Source "ChessBase"]
[SourceDate "2020.03.31"]
[SourceVersion "1"]
[SourceVersionDate "2020.03.31"]
[SourceQuality "1"]
[WhiteTeam "Speyer Schwegenheim"]
[BlackTeam "Solingen"]
[WhiteTeamCountry "GER"]
[BlackTeamCountry "GER"]

1. e4 c5 2. b3 b6 3. Bb2 Bb7 4. Nc3 Nc6 5. Nf3 e6 6. Qe2 Nge7 7. 0-0-0 a6 8. Qe3 Qc7 9. Kb1 Rc8 10. h4 h5 11. g3 Ng6 12. Nd5 exd5 13. exd5+ Nce7 14. c4 f6 15. Bh3 Kf7 16. Rhe1 Kg8 17. d4 b5 18. d6 Qxd6 19. d5 bxc4 20. bxc4 Rb8 21. Ka1 Nc8 22. Qd3 Rh6 23. Bc3 Nb6 24. Rb1 Na4 25. Bd2 Ne5 26. Nxe5 fxe5 27. Qb3 e4 28. Qxa4 Qe5+ 29. Rb2 Bxd5 30. Qc2 Rxb2 31. Qxb2 Qxb2+ 32. Kxb2 Rb6+ 33. Kc3 Be6 34. Bg2 Rb4 35. Rxe4 g6 36. Be3 Bg7+ 37. Kd2 Rb2+ 38. Kc1 Rxa2 39. Bxc5 a5 40. Be3 a4 41. c5 Ra1+ 42. Kd2 Bd5 0-1

[Event "Bundesliga 1920"]
[Site "Germany"]
[Date "2019.11.24"]
[Round "2.6"]
[White "Shytaj, Luca"]
[Black "Lemmers, Oscar"]
[Result "1/2-1/2"]
[WhiteElo "2483"]
[BlackElo "2346"]
[PlyCount "77"]
[EventDate "2019.11.23"]
[EventType "team-tourn"]
[EventRounds "15"]
[EventCountry "GER"]
[SourceTitle "CBM 193 Extra"]
[Source "ChessBase"]
[SourceDate "2020.01.31"]
[SourceVersion "1"]
[SourceVersionDate "2020.01.31"]
[SourceQuality "1"]
[WhiteTeam "Speyer Schwegenheim"]
[BlackTeam "Aachen"]
[WhiteTeamCountry "GER"]
[BlackTeamCountry "GER"]

1. e4 c5 2. Nf3 e6 3. d4 cxd4 4. Nxd4 a6 5. Nc3 b5 6. Bd3 Qb6 7. Nf3 Qc7 8. 0-0 Bb7 9. Re1 Bc5 10. e5 f5 11. Bd2 Nc6 12. Bxf5 exf5 13. Nd5 Qd8 14. b4 Nxb4 15. Bxb4 Bxb4 16. Nxb4 Ne7 17. Qd4 0-0 18. Rad1 a5 19. Qxd7 Qxd7 20. Rxd7 Bxf3 21. gxf3 axb4 22. Rxe7 Rf7 23. Re6 Rc7 24. Rb6 Kf7 25. Rxb5 Rxa2 26. Rxb4 Raxc2 27. Kg2 R2c4 28. Rb6 R4c6 29. Reb1 Rxb6 30. Rxb6 f4 31. Kh3 Re7 32. Rb5 h5 33. Kh4 Kg6 34. e6 Rxe6 35. Rg5+ Kf6 36. Kxh5 Re2 37. Rg6+ Kf7 38. Rg2 Re6 39. Rg5 1/2-1/2

[Event "Mitropa Cup 38th"]
[Site "Radenci"]
[Date "2019.06.03"]
[Round "8.3"]
[White "Shytaj, Luca"]
[Black "Tica, Sven"]
[Result "1-0"]
[WhiteElo "2490"]
[BlackElo "2417"]
[PlyCount "57"]
[EventDate "2019.05.27"]
[EventType "team-tourn"]
[EventRounds "9"]
[EventCountry "SLO"]
[SourceTitle "CBM 190 Extra"]
[Source "ChessBase"]
[SourceDate "2019.07.15"]
[SourceVersion "1"]
[SourceVersionDate "2019.07.15"]
[SourceQuality "1"]
[WhiteTeam "Italy"]
[BlackTeam "Croatia"]
[WhiteTeamCountry "ITA"]
[BlackTeamCountry "CRO"]

1. e4 c6 2. d4 d5 3. Nc3 dxe4 4. Nxe4 Bf5 5. Ng3 Bg6 6. h4 h6 7. Nf3 e6 8. h5 Bh7 9. Bd3 Bxd3 10. Qxd3 Nf6 11. Bd2 c5 12. Ne4 Nbd7 13. 0-0-0 Be7 14. Kb1 0-0 15. g4 Nxg4 16. Qe2 f5 17. Nc3 Qb6 18. Ne5 Ngxe5 19. dxe5 Rad8 20. Bf4 Nb8 21. Rdg1 Kh8 22. Rg6 Rf7 23. Rhg1 Rd4 24. Qe3 Bf8 25. Qg3 Qb4 26. Rxh6+ Kg8 27. Qg6 Rfd7 28. Qh7+ Kf7 29. Rf6+ 1-0

[Event "Mitropa Cup 38th"]
[Site "Radenci"]
[Date "2019.05.29"]
[Round "3.3"]
[White "Shytaj, Luca"]
[Black "Lagunow, Raphael"]
[Result "0-1"]
[WhiteElo "2490"]
[BlackElo "2420"]
[PlyCount "82"]
[EventDate "2019.05.27"]
[EventType "team-tourn"]
[EventRounds "9"]
[EventCountry "SLO"]
[SourceTitle "CBM 190 Extra"]
[Source "ChessBase"]
[SourceDate "2019.07.15"]
[SourceVersion "1"]
[SourceVersionDate "2019.07.15"]
[SourceQuality "1"]
[WhiteTeam "Italy"]
[BlackTeam "Germany"]
[WhiteTeamCountry "ITA"]
[BlackTeamCountry "GER"]

1. d4 d5 2. Bf4 Nf6 3. e3 c5 4. dxc5 e6 5. b4 a5 6. c3 Be7 7. Nd2 0-0 8. Ngf3 b6 9. a4 axb4 10. cxb4 bxc5 11. b5 c4 12. Be2 Nbd7 13. 0-0 Bb7 14. Qc2 Nh5 15. Be5 Nxe5 16. Nxe5 Nf6 17. Rfb1 Bd6 18. Qc3 Bc7 19. Nef3 Bb6 20. Ra2 Nd7 21. Nd4 Ba5 22. Qa3 Qc7 23. Rc2 Qc5 24. Qa1 Qd6 25. Ra2 Nc5 26. N4f3 c3 27. Nb3 Nxb3 28. Rxb3 Rfc8 29. Qd1 e5 30. Rb1 Rd8 31. Qc2 d4 32. Rd1 Bd5 33. Raa1 Qe6 34. Ng5 Qh6 35. Qf5 Qg6 36. Qxg6 hxg6 37. exd4 c2 38. Rdc1 Bc3 39. dxe5 Bxa1 40. Rxa1 Rxa4 41. Rc1 Bb3 0-1

[Event "ITA-chT T8 51st"]
[Site "Brixen Bressanone"]
[Date "2019.04.30"]
[Round "1.2"]
[White "Manca, Federico"]
[Black "Shytaj, Luca"]
[Result "0-1"]
[WhiteElo "2404"]
[BlackElo "2485"]
[PlyCount "102"]
[EventDate "2019.04.30"]
[EventType "team-match"]
[EventRounds "1"]
[EventCountry "ITA"]
[SourceTitle "CBM 190 Extra"]
[Source "ChessBase"]
[SourceDate "2019.07.15"]
[SourceVersion "1"]
[SourceVersionDate "2019.07.15"]
[SourceQuality "1"]
[WhiteTeam "Marostica Pizzato Elettrica"]
[BlackTeam "Chieti"]
[WhiteTeamCountry "ITA"]
[BlackTeamCountry "ITA"]

1. e4 c5 2. c3 Nf6 3. e5 Nd5 4. d4 cxd4 5. Nf3 Nc6 6. Bc4 Nb6 7. Bb3 d5 8. exd6 Qxd6 9. 0-0 Be6 10. Na3 dxc3 11. Qe2 Bxb3 12. Nb5 Qb8 13. axb3 g6 14. Be3 Nc8 15. Ra4 Bg7 16. Bf4 e5 17. Nxe5 Nxe5 18. Bxe5 Bxe5 19. f4 0-0 20. fxe5 cxb2 21. Raf4 a6 22. Rxf7 Rxf7 23. Qc4 Nd6 24. Nxd6 Qa7+ 25. Kh1 b5 26. Qd5 Raf8 27. Nxf7 Rxf7 28. Rb1 Qe3 29. h3 Qc1+ 30. Kh2 Qxb1 31. e6 Qf5 32. exf7+ Kf8 33. Qd6+ Kxf7 34. Qc7+ Kf6 35. Qd6+ Kg5 36. Qe7+ Kf4 37. Qb4+ Qe4 38. Qd2+ Kf5 39. Qd7+ Kf6 40. Qd8+ Kf7 41. Qd7+ Qe7 42. Qd5+ Qe6 43. Qf3+ Kg8 44. Qd3 h5 45. h4 Qf6 46. Qe4 a5 47. Qe8+ Kh7 48. Qd7+ Qg7 49. Qd3 Qe7 50. g3 a4 51. bxa4 bxa4 0-1

[Event "ITA-chTB 51st"]
[Site "Brixen Bressanone"]
[Date "2019.04.28"]
[Round "4.2"]
[White "Shytaj, Luca"]
[Black "De Nardi, Riccardo"]
[Result "1-0"]
[WhiteElo "2485"]
[BlackElo "2142"]
[PlyCount "71"]
[EventDate "2019.04.26"]
[EventType "team-swiss"]
[EventRounds "7"]
[EventCountry "ITA"]
[SourceTitle "CBM 190 Extra"]
[Source "ChessBase"]
[SourceDate "2019.07.15"]
[SourceVersion "1"]
[SourceVersionDate "2019.07.15"]
[SourceQuality "1"]
[WhiteTeam "Chieti"]
[BlackTeam "Cornaro Asolo Regina"]
[WhiteTeamCountry "ITA"]
[BlackTeamCountry "ITA"]

1. e4 c5 2. Nf3 d6 3. Bb5+ Bd7 4. c4 Nc6 5. d4 cxd4 6. Nxd4 g6 7. Nc3 Bg7 8. Be3 Nf6 9. f3 0-0 10. Bxc6 bxc6 11. Qd2 Qc7 12. 0-0 e5 13. Nb3 Be6 14. Qd3 Rfd8 15. Rac1 Qb7 16. Rfd1 Qa6 17. Nc5 Qxc4 18. Qxc4 Bxc4 19. Nb7 Rd7 20. Na5 d5 21. Bg5 Ba6 22. exd5 cxd5 23. Bxf6 Bxf6 24. Nxd5 Rd6 25. Nxf6+ Rxf6 26. Rc7 Be2 27. Re1 Ra6 28. b4 Bd3 29. Rxe5 Bf5 30. a3 Rd6 31. Nc6 Rd1+ 32. Kf2 Ra1 33. Ne7+ Kg7 34. Nxf5+ Kf6 35. Ree7 gxf5 36. Rxf7+ 1-0

[Event "BL2-Sued 1819"]
[Site "Germany"]
[Date "2019.03.22"]
[Round "4.6"]
[White "Spitzl, Vinzent"]
[Black "Shytaj, Luca"]
[Result "0-1"]
[WhiteElo "2277"]
[BlackElo "2473"]
[PlyCount "118"]
[EventDate "2018.11.10"]
[EventType "team-tourn"]
[EventRounds "10"]
[EventCountry "GER"]
[SourceTitle "CBM 190 Extra"]
[Source "ChessBase"]
[SourceDate "2019.07.15"]
[SourceVersion "1"]
[SourceVersionDate "2019.07.15"]
[SourceQuality "1"]
[WhiteTeam "Griesheim"]
[BlackTeam "Speyer Schwegenheim"]
[WhiteTeamCountry "GER"]
[BlackTeamCountry "GER"]

1. e4 g6 2. d4 Bg7 3. Nc3 d6 4. Be3 a6 5. h4 h5 6. f3 b5 7. a3 Nd7 8. Nh3 Bb7 9. Qd2 Rc8 10. a4 b4 11. Nd5 c5 12. c3 Bxd5 13. exd5 bxc3 14. bxc3 Qa5 15. Nf4 Ngf6 16. c4 Qxd2+ 17. Kxd2 cxd4 18. Bxd4 Ne4+ 19. Ke3 Bxd4+ 20. Kxd4 Ng3 21. Rh3 Nxf1 22. Rxf1 Nb6 23. Rd1 Nxa4 24. Nd3 Nc5 25. Nxc5 Rxc5 26. Ra1 a5 27. f4 Kd7 28. Rb3 Rhc8 29. Ra4 Kc7 30. Re3 Re8 31. Ra2 e6 32. dxe6 Rxe6 33. Rb3 f5 34. Re3 Rxc4+ 35. Kxc4 Rxe3 36. Rxa5 Kd7 37. Kd5 Rd3+ 38. Kc4 Rg3 39. Ra2 Ke7 40. Re2+ Kf7 41. Kd5 Rg4 42. Rf2 Rxh4 43. Kxd6 Rh1 44. g3 Kf6 45. Kd7 Rd1+ 46. Ke8 Rd3 47. Rg2 Kg7 48. Ke7 Re3+ 49. Kd7 Kf6 50. Rg1 Rf3 51. Ke8 h4 52. gxh4 Rxf4 53. Rh1 Rd4 54. h5 gxh5 55. Rxh5 f4 56. Rh8 Kf5 57. Ke7 f3 58. Rf8+ Ke4 59. Kf6 Ke3 0-1

[Event "BL2-Sued 1819"]
[Site "Germany"]
[Date "2019.02.03"]
[Round "6.6"]
[White "Shytaj, Luca"]
[Black "Gasthofer, Viktor"]
[Result "1/2-1/2"]
[WhiteElo "2480"]
[BlackElo "2308"]
[PlyCount "117"]
[EventDate "2018.11.10"]
[EventType "team-tourn"]
[EventRounds "10"]
[EventCountry "GER"]
[SourceTitle "CBM 190 Extra"]
[Source "ChessBase"]
[SourceDate "2019.07.15"]
[SourceVersion "1"]
[SourceVersionDate "2019.07.15"]
[SourceQuality "1"]
[WhiteTeam "Speyer Schwegenheim"]
[BlackTeam "Bad Mergentheim"]
[WhiteTeamCountry "GER"]
[BlackTeamCountry "GER"]

1. Nc3 d5 2. e4 e6 3. d4 dxe4 4. Nxe4 Nd7 5. g3 Ngf6 6. Nxf6+ Nxf6 7. Nf3 b6 8. Ne5 Bb7 9. Bb5+ c6 10. Qf3 Qd5 11. Qxd5 Nxd5 12. Ba4 b5 13. Bb3 c5 14. dxc5 Bxc5 15. 0-0 Bd6 16. Re1 0-0 17. a4 a6 18. Bd2 Rfc8 19. Ba5 Bxe5 20. Rxe5 Bc6 21. c4 bxc4 22. Bxc4 Bb7 23. b3 Ne7 24. Bb6 Bd5 25. Bxd5 Nxd5 26. Bd4 Rab8 27. Rb1 Rb4 28. Be3 Rcb8 29. Bd2 Rxb3 30. Rxb3 Rxb3 31. Re4 h6 32. Rc4 Nb6 33. Rc6 Nxa4 34. Rxa6 Nb6 35. Ra7 Nd5 36. Kf1 Rb2 37. Be1 Rc2 38. h3 g5 39. Ra4 Kg7 40. h4 Kg6 41. hxg5 hxg5 42. Rd4 Kf5 43. Ra4 Ke5 44. Ra7 f5 45. Ra4 g4 46. Ra3 f4 47. gxf4+ Nxf4 48. f3 Rc1 49. Re3+ Kf5 50. fxg4+ Kxg4 51. Kf2 e5 52. Rg3+ Kf5 53. Bd2 Rc2 54. Ke1 Nd5 55. Ra3 Nb6 56. Rb3 Nc4 57. Rc3 Rxd2 58. Rxc4 Ra2 59. Rc3 1/2-1/2

[Event "BL2-Sued 1819"]
[Site "Germany"]
[Date "2018.12.15"]
[Round "3.6"]
[White "Shytaj, Luca"]
[Black "Barski, Radoslaw"]
[Result "1-0"]
[WhiteElo "2473"]
[BlackElo "2467"]
[PlyCount "79"]
[EventDate "2018.11.10"]
[EventType "team-tourn"]
[EventRounds "10"]
[EventCountry "GER"]
[SourceTitle "CBM 190 Extra"]
[Source "ChessBase"]
[SourceDate "2019.07.15"]
[SourceVersion "1"]
[SourceVersionDate "2019.07.15"]
[SourceQuality "1"]
[WhiteTeam "Speyer Schwegenheim"]
[BlackTeam "Heusenstamm"]
[WhiteTeamCountry "GER"]
[BlackTeamCountry "GER"]

1. Nc3 c5 2. e4 a6 3. Nf3 d6 4. d4 cxd4 5. Nxd4 Nf6 6. h3 e6 7. g4 Nfd7 8. Be3 b5 9. Qd2 Bb7 10. f3 Nb6 11. a4 Nc4 12. Bxc4 bxc4 13. f4 Nd7 14. f5 e5 15. Nde2 h6 16. Nd5 Rc8 17. Nec3 Qa5 18. Ke2 Bxd5 19. Nxd5 Qxd2+ 20. Bxd2 Nf6 21. Nxf6+ gxf6 22. h4 Rb8 23. Rab1 Be7 24. b3 cxb3 25. Rxb3 Rxb3 26. cxb3 h5 27. gxh5 Rxh5 28. b4 d5 29. exd5 Kd7 30. b5 axb5 31. axb5 Bc5 32. Be3 Kd6 33. b6 Bxb6 34. Bxb6 Kxd5 35. Ke3 Rxf5 36. h5 Rg5 37. h6 Rg8 38. h7 Rh8 39. Bd8 Rxd8 40. Rd1+ 1-0

[Event "ITA-chT 50th"]
[Site "Gallipoli"]
[Date "2018.04.28"]
[Round "3.1"]
[White "Loiacono, Leonardo"]
[Black "Shytaj, Luca"]
[Result "1/2-1/2"]
[WhiteElo "2266"]
[BlackElo "2454"]
[PlyCount "84"]
[EventDate "2018.04.27"]
[EventType "team-swiss"]
[EventRounds "7"]
[EventCountry "ITA"]
[SourceTitle "CBM 184 Extra"]
[Source "ChessBase"]
[SourceDate "2018.06.28"]
[SourceVersion "1"]
[SourceVersionDate "2018.06.28"]
[SourceQuality "1"]
[WhiteTeam "Montebelluna Master"]
[BlackTeam "Chieti"]
[WhiteTeamCountry "ITA"]
[BlackTeamCountry "ITA"]

1. d4 d5 2. c4 Nc6 3. Nc3 Nf6 4. cxd5 Nxd5 5. e4 Nxc3 6. bxc3 e5 7. d5 Nb8 8. Nf3 Bd6 9. Be2 0-0 10. 0-0 Nd7 11. Be3 Qe7 12. Nd2 f5 13. exf5 e4 14. Nc4 Ne5 15. Nxd6 cxd6 16. c4 b6 17. a4 Bxf5 18. a5 Rab8 19. axb6 axb6 20. Rb1 Nf3+ 21. gxf3 exf3 22. Bd3 Bh3 23. Bc2 Qh4 24. Qd4 Qh5 25. Rfd1 Rbe8 26. Kh1 Bg2+ 27. Kg1 Bh3 28. Kh1 Bg2+ 29. Kg1 Qh3 30. Bd3 Re5 31. Rxb6 Rh5 32. Bf4 Rh4 33. Qe4 Rhxf4 34. Qe6+ Kh8 35. Qxh3 Bxh3 36. Rxd6 Rd4 37. Ra6 Re8 38. Raa1 g6 39. Bf1 Rg4+ 40. Kh1 Bxf1 41. Rxf1 Rxc4 42. Rfd1 Rd8 1/2-1/2

[Event "Bundesliga 1718"]
[Site "Germany"]
[Date "2018.03.11"]
[Round "12.5"]
[White "Shytaj, Luca"]
[Black "Zelbel, Patrick"]
[Result "1/2-1/2"]
[WhiteElo "2465"]
[BlackElo "2458"]
[PlyCount "45"]
[EventDate "2017.10.21"]
[EventType "team-tourn"]
[EventRounds "15"]
[EventCountry "GER"]
[SourceTitle "CBM 184"]
[Source "ChessBase"]
[SourceDate "2018.05.16"]
[SourceVersion "1"]
[SourceVersionDate "2018.05.16"]
[SourceQuality "1"]
[WhiteTeam "Speyer Schwegenheim"]
[BlackTeam "Muelheim"]
[WhiteTeamCountry "GER"]
[BlackTeamCountry "GER"]

1. e4 e5 2. Nf3 Nc6 3. Bc4 Nf6 4. d3 Bc5 5. h3 0-0 6. Nc3 a6 7. a4 Kh8 8. Ba2 Qe8 9. Bg5 Be7 10. 0-0 d6 11. d4 exd4 12. Nxd4 Nxd4 13. Qxd4 Be6 14. a5 Rd8 15. Rfe1 Nd7 16. Be3 Bf6 17. Qd2 Nc5 18. Bd4 Bxd4 19. Qxd4 Bxa2 20. Nxa2 Qe5 21. Rad1 Ne6 22. Qxe5 dxe5 23. Nc1 1/2-1/2

[Event "Wch Blitz"]
[Site "Riadh"]
[Date "2017.12.30"]
[Round "21"]
[White "Abdyjapar, Asyl"]
[Black "Shytaj, Luca"]
[Result "1-0"]
[WhiteElo "2382"]
[BlackElo "2459"]
[PlyCount "69"]
[EventDate "2017.12.29"]
[EventType "swiss (blitz)"]
[EventRounds "21"]
[EventCountry "SAU"]
[SourceTitle "CBM 182 Extra"]
[Source "ChessBase"]
[SourceDate "2018.02.23"]
[SourceVersion "1"]
[SourceVersionDate "2018.02.23"]
[SourceQuality "1"]

1. d4 Nf6 2. c4 e6 3. Nc3 Bb4 4. Qc2 0-0 5. a3 Bxc3+ 6. Qxc3 b6 7. Bg5 h6 8. Bh4 Bb7 9. f3 d5 10. cxd5 exd5 11. e3 Nbd7 12. Bd3 c5 13. Ne2 Rc8 14. Qd2 Re8 15. Bf2 Nf8 16. 0-0 Ne6 17. Rad1 Qd7 18. Ng3 g6 19. Kh1 h5 20. Ne2 Kg7 21. Bh4 Bc6 22. f4 Ne4 23. Bxe4 dxe4 24. f5 Nf8 25. d5 Bb5 26. fxg6 fxg6 27. Rf2 Bxe2 28. Qxe2 Kg8 29. Bf6 Qd6 30. Bc3 Nd7 31. Qc4 Rf8 32. Rxf8+ Rxf8 33. Qxe4 Nf6 34. Qxg6+ Kh8 35. Rf1 1-0

[Event "Wch Blitz"]
[Site "Riadh"]
[Date "2017.12.30"]
[Round "12"]
[White "Shytaj, Luca"]
[Black "Ganguly, Surya Shekhar"]
[Result "0-1"]
[WhiteElo "2459"]
[BlackElo "2650"]
[PlyCount "62"]
[EventDate "2017.12.29"]
[EventType "swiss (blitz)"]
[EventRounds "21"]
[EventCountry "SAU"]
[SourceTitle "CBM 182 Extra"]
[Source "ChessBase"]
[SourceDate "2018.02.23"]
[SourceVersion "1"]
[SourceVersionDate "2018.02.23"]
[SourceQuality "1"]

1. Nc3 d5 2. Nf3 Nf6 3. e3 Bf5 4. b3 Nbd7 5. Bb2 e5 6. h3 c6 7. g4 Bg6 8. Bg2 h6 9. d3 Bd6 10. Ne2 h5 11. g5 Ng8 12. h4 Ne7 13. Ng3 Qc7 14. e4 0-0-0 15. Qe2 Kb8 16. 0-0-0 d4 17. Kb1 Qa5 18. Nd2 b5 19. Bh3 Ba3 20. Nf5 Bxf5 21. exf5 Nd5 22. Ne4 f6 23. Bxa3 Qxa3 24. Qd2 Nc5 25. c4 Nxe4 26. dxe4 Nc3+ 27. Ka1 bxc4 28. Rc1 cxb3 29. Qb2 Qxb2+ 30. Kxb2 bxa2 31. Bf1 Kc7 0-1